| 000 | 00522nam a2200205Ia 4500 | ||
|---|---|---|---|
| 999 |
_c8772 _d8772 |
||
| 003 | 0100 | ||
| 005 | 20180214145850.0 | ||
| 008 | 130303s9999 xx 000 0 und d | ||
| 020 | _a0889461767 | ||
| 040 | _cARRUPELIB | ||
| 050 | _aDT709.P64 1985 | ||
| 100 |
_aPoewe, Karla O. _939212 |
||
| 245 | 4 |
_aThe Namibian Herero: _ba history of their psychosocial disintegration and survival / |
|
| 260 |
_aLewiston _bEdwin Mellen Press _c1985 |
||
| 300 | _a364 p. | ||
| 300 | _b 24 cm. | ||
| 440 |
_aAfrican studies, v. 1. _939213 |
||
| 650 |
_aHereros _xSocial conditions _939214 |
||
| 650 |
_aHereros _xPsychology _939215 |
||
| 650 |
_aNamibia _xSocial conditions _939216 |
||
| 942 |
_2lcc _cMONOGRAPH |
||